| 000 | 00000nas 2200000za 4500 |
| 001 | 9.815686 |
| 003 | CaOODSP |
| 005 | 20221107142055 |
| 007 | cr ||||||||||| |
| 008 | 160418d19891995oncar p oss f000#a0eng|d |
| 040 | |aCaOODSP|beng |
| 041 | |aeng|afre |
| 043 | |an-cn--- |
| 086 | 1 |aCS85N0002-PDF |
| 245 | 00|aPolice reported crime data in Canadian municipalities |h[electronic resource] / |cCanadian Centre for Justice Statistics, Uniform Crime Reporting Survey = Crimes déclarés par la police dans les municipalités canadiennes / Centre canadien de la statistique juridique, Enquête la déclaration uniforme de la criminalité. |
| 246 | 11|aCrimes déclarés par la police dans les municipalités canadiennes |
| 260 | |a[Ottawa] : |bCanadian Centre for Justice Statistics, Uniform Crime Reporting Survey = Centre canadien de la statistique juridique, Enquête la déclaration uniforme de la criminalité, |c1990-1995. |
| 310 | |aAnnual |
| 362 | 0 |a1989-1995. |
| 500 | |aDigitized edition from print [produced by Statistics Canada]. |
| 500 | |aChiefly tables. |
| 515 | |aIssue for 1992 has title: Police reported incidents in Canadian municipalities = Affaires déclarés par la police dans les municipalités canadiennes. |
| 546 | |aText in English and French. |
| 692 | 07|2gccst|aPolicing |
| 692 | 07|2gccst|aCrime |
| 692 | 07|2gccst|aMunicipalities |
| 710 | 2 |aCanadian Centre for Justice Statistics. |
| 710 | 2 |aStatistics Canada. |
| 792 | |tPolice reported crime data in Canadian municipalities |efre|w(CaOODSP)9.815688 |